| 000 | 00877aam a2200277 a 4500 | ||
|---|---|---|---|
| 999 |
_c5910 _d5910 |
||
| 001 | 37220923 | ||
| 003 | OCoLC | ||
| 005 | 20190111093534.0 | ||
| 008 | 970617s1997 coua b 001 0 eng | ||
| 010 | _a97162660 | ||
| 020 | _a1885400608 | ||
| 040 |
_aDLC _cDLC _dWSU |
||
| 043 | _an-us--- | ||
| 050 | 0 | 0 |
_aLB1028.3 _b.J65 1997 |
| 082 |
_a371.3 _bJ76C |
||
| 100 | 1 | _aJones, Glenn R | |
| 245 | 1 | 0 |
_aCyberschools : _ban education renaissance / _cGlenn R. Jones ; with a foreword by Alvin and Heidi Toffler |
| 250 | _aRev. ed | ||
| 260 |
_aEnglewood, Colo. : _bJones Digital Century, _c1997 |
||
| 300 |
_axxviii, 180 p. : _bill. ; _c24 cm |
||
| 504 | _aIncludes bibliographical references and index | ||
| 650 | 0 |
_aEducational technology _zUnited States |
|
| 650 | 0 |
_aTelevision in education _zUnited States |
|
| 650 | 0 |
_aDistance education _zUnited States |
|
| 942 |
_2ddc _cBK |
||